| 000 | 00662nam a2200205Ia 4500 | ||
|---|---|---|---|
| 001 | 43033 | ||
| 003 | OSt | ||
| 005 | 20150706104333.0 | ||
| 008 | 140425s9999 xx 000 0 und d | ||
| 020 | _aNA | ||
| 040 | _cPK-LaUMT | ||
| 082 |
_aRHC 891.4393 _bKHA-C |
||
| 100 | _aKhawar Chaudhry(خاور چوھدری) | ||
| 245 |
_aCheekhon mein dabi aawaaz (Urdu)(چیخوں میں ادبی آواز) _cKhawar Chaudhry(خاور چوھدری) |
||
| 260 |
_aFaisalabad,Pakistan:(فیصل آباد، پاکستان ) _bMisal Publishers,(مثال پبلشرز) _c2008 |
||
| 300 | _a118 p. | ||
| 546 | _aUR | ||
| 650 | _aPakistani literature-Urdu | ||
| 942 |
_cBK _2ddc |
||
| 999 |
_c41044 _d41044 |
||